America the vincible. : A brief inquiry, written with much anxiety and some anger, dealing with matters of foreign policy, seeking probable sources of our peril and causes of our fears, as well as the suggestion of possible ways by which we might, while enduring the stern trial, hold hope, tempered by reason, to live in freedom more profound & peace less precarious.

Bibliographic Details
Main Author: Hughes, Emmet John, 1920-
Format: Book
Language:English
Published: Garden City, N.Y. : Doubleday, 1959.
Edition:[1st ed.].
Subjects:

MARC

Tag First Indicator Second Indicator Subfields
LEADER 00000cam a2200000 4500
001 in00000067530
005 20151007083747.0
008 780224s1959 nyu 00000 eng d
010 |a  50009783  
035 |a (OCoLC)03667765 
035 |9 AAF9835AM 
040 |a TLM  |c TLM  |d TXA  |d UtOrBLW 
049 |a TXAM  |c [310849] 
050 0 |a E813  |b .H8 
092 |a 327.73  |b H8932a 
100 1 |a Hughes, Emmet John,  |d 1920- 
245 1 0 |a America the vincible. :  |b A brief inquiry, written with much anxiety and some anger, dealing with matters of foreign policy, seeking probable sources of our peril and causes of our fears, as well as the suggestion of possible ways by which we might, while enduring the stern trial, hold hope, tempered by reason, to live in freedom more profound & peace less precarious. 
250 |a [1st ed.]. 
264 1 |a Garden City, N.Y. :  |b Doubleday,  |c 1959. 
300 |a 306 pages ;  |c 22 cm. 
336 |a text  |b txt  |2 rdacontent 
337 |a unmediated  |b n  |2 rdamedia 
338 |a volume  |b nc  |2 rdacarrier 
650 0 |a World politics  |y 1945-1989. 
651 0 |a United States  |x Foreign relations  |y 1945-1953. 
651 0 |a United States  |x Foreign relations  |y 1945-1989. 
999 |a MARS 
999 f f |s b3885b51-3199-32dc-a55c-b505b30fcb30  |i 25864b2f-3c4a-3e82-85cc-504ebf95c0c6  |t 0 
952 f f |p ric  |a Texas A&M University  |b Rellis Campus  |c Joint Library Facility  |d Remote Storage  |t 0  |e E813 .H8  |h Library of Congress classification  |i unmediated -- volume  |m A14800678339 
998 f f |a E813 .H8  |t 0  |l Remote Storage